000 00518nam a2200157 a 4500
001 23534
005 20180713221618.0
008 140415s1972 000 0 spa d
041 _aspa
082 _a344.094
_bMEX
100 1 _aMEXICO. CODIGOS Y LEYES DE MEXICO
245 1 0 _aLEY FEDERAL SOBRE MONUMENTOS Y ZONAS ARQUEOLOGICAS :
_b(DIARIO OFICIAL 6 DE MAYO DE 1972)
260 _a[s.l.] :
_bINSTITUTO NACIONAL DE ANTROPOLOGIA E HISTORIA,
_c1972
300 _a24
650 1 4 _aMONUMENTOS
_xLEGISLACION
999 _c23534
_d23534